01625cam a2200349 a 4500001000800000005001700008008004100025010001700066020001500083035002000098040002500118042001400143050002100157082001600178090001700194245009500211260014700306300003500453500025600488504005400744650005000798650002500848700002700873700002800900710003800928710004900966710008101015906004501096942001401141999001701155952010301172114625620240318183302.0950522s1995 dcua b i000 0 eng d a 95061095  a1569730253 a(OCoLC)32883098 aDOPIcDOPIdNNMdDLC alccopycat04aQH75b.N296 1995 a333.95bNAT c33375d3337400aNational biodiversity planning :bguidelines based on early experiences around the world / a[Washington, D.C.] :bWorld Resources Institute in cooperation with United Nations Environment Programme, the World Conservation Union,c1995. axiii, 161 p. :bill. ;c28 cm. a"This report was the product of a cooperative effort headed by Kenton R. Miller and Steven M. Lanou of the World Resources Institute, in collaboration with the United Nations Environment Programme (UNEP) and the World Consevation Union (IUCN)"--P. ix. aIncludes bibliographical references (p. 159-161). 0aBiodiversity conservationxManagement.958780 0aBiodiversity.9241241 aMiller, Kenton.9587811 aLanou, Steven M.9587822 aWorld Resources Institute.9587832 aUnited Nations Environment Programme.9222682 aInternational Union for Conservation of Nature and Natural Resources.949129 a7bcbcccopycatd2eopcnf19gy-gencatlg 2ddccBOOK c33375d33374 00102ddc4070aABKbABKd2013-02-28l0o333.95 NATp40726r2025-04-23 11:22:32w2013-02-28yBOOK